000
00243nam a2200097Ia 4500
008
190216s9999||||xx |||||||||||||| ||und||
100
_a
Dr.Kumar Vimal
245
0
_a
Hindi-Kavyanuseelam Adunik Athyadunik
260
_b
Janapath Privt
942
_c
BK
999
_c
17757
_d
17757